All Austrian Counties - Statistics

General Stats
  • This quiz has been taken 61 times
  • The average score is 37 of 95
Answer Stats
State County % Correct
VI Vienna
89%
ST Graz
84%
ST Graz-Umgebung
84%
TY Innsbruck
84%
VO Bregenz
79%
OOE Linz
79%
OOE Linz-Land
79%
KA Klagenfurt
68%
KA Klagenfurt-Land
68%
SA Salzburg
68%
SA Salzburg-Umgebung
68%
NOE Amstetten
63%
BU Eisenstadt
63%
BU Eisenstadt-Umgebung
63%
NOE St. Pölten
63%
OOE Wels
63%
OOE Wels-Land
63%
NOE Wiener Neustadt
63%
NOE Wiener Neustadt
63%
VO Feldkirch
58%
VO Bludenz
53%
OOE Braunau
53%
VO Dornbirn
53%
TY Kufstein
53%
TY Schwaz
53%
KA Villach
53%
KA Villach-Land
53%
NOE Bruck
47%
ST Bruck-Mürzzuschlag
47%
TY Kitzbühel
47%
NOE Krems
47%
NOE Krems an der Donau
47%
ST Leoben
47%
NOE Gmünd
42%
TY Lienz
42%
NOE Melk
42%
NOE Mistelbach
42%
ST Hartberg-Fürstenfeld
37%
OOE Perg
37%
OOE Ried
37%
OOE Schärding
37%
OOE Steyr
37%
OOE Steyr-Land
37%
OOE Urfahr-Umgebung
37%
OOE Vöcklabruck
37%
NOE Zwettl
37%
NOE Baden
32%
ST Deutschlandsberg
32%
OOE Freistadt
32%
NOE Horn
32%
TY Imst
32%
TY Landeck
32%
ST Leibnitz
32%
ST Liezen
32%
BU Oberwart
32%
BU Rust
32%
SA Tamsweg
32%
NOE Tulln
32%
NOE Waidhofen an der Thaya
32%
NOE Waidhofen an der Ybbs
32%
SA Zell am See
32%
KA Feldkirchen
26%
NOE Gänserndorf
26%
OOE Gmunden
26%
OOE Grieskirchen
26%
SA Hallein
26%
KA Hermagor
26%
BU Jennersdorf
26%
OOE Kirchdorf
26%
NOE Korneuburg
26%
NOE Lilienfeld
26%
NOE Neunkirchen
26%
OOE Rohrbach
26%
SA Sankt Johann
26%
NOE Scheibbs
26%
KA Spittal
26%
ST Weiz
26%
OOE Eferding
21%
BU Güssing
21%
NOE Hollabrunn
21%
BU Mattersburg
21%
NOE Mödling
21%
BU Neusiedl
21%
ST Gröbming
16%
TY Innsbruck-Land
16%
ST Murau
16%
TY Reutte
16%
KA Sankt Veit
16%
NOE St. Pölten-Land
16%
KA Völkermarkt
16%
KA Wolfsberg
16%
ST Murtal
11%
ST Voitsberg
11%
BU Oberpullerndorf
0%
ST Southeast Esteria
0%
No matching quizzes found
Score Distribution
Percent of People with Each Score
Percentile by Number Answered
Your Score History
You have not taken this quiz